| LEADER 01174nam 2200277 a 4500 |
| 001 12334108861 |
| 003 ULIB |
| 008 030417s2552 th a sb 001 0 tha |
| 020 ^a9789743871191
|
| 060 4 ^aQU145^bว169ก 2552
|
| 100 0 ^aวนิดา คุ้มอนุวงศ์
|
| 245 10 ^aกินดื่มเพื่อสุขภาพ /^cวนิดา คุ้มอนุวงศ์
|
| 250 ^aพิมพ์ครั้งแรก
|
| 260 ^aกรุงเทพฯ :^bอมรินทร์ Cuisine,^c2552
|
| 300 ^a131 หน้า :^bภาพสีประกอบ
|
| 440 0 ^aชุดอาหารการกิน ;^vลำดับที่ 112
|
| 650 7 ^aการปรุงอาหาร
|
| 650 7 ^aอาหารเพื่อสุขภาพ
|
| 650 7 ^aโภชนาการ
|
| 913 ^aImported by ULIBM Administrator
|
| 949 ^aImport form external file by ULIBM system
|
| 999 ^aสุณิสา
|